Indisciplina / disciplina (Record no. 187058)
[ view plain ]
| 000 -LÍDER | |
|---|---|
| campo de controle de tamanho fixo | 00370 a2200157 4500 |
| 001 - NÚMERO DE CONTROLE | |
| campo de controle | 187058 |
| 020 ## - ISBN - INTERNATIONAL STANDARD BOOK NUMBER | |
| ISBN - International Standard Book Number | 85-7706-007-1 |
| 040 ## - FONTE DA CATALOGAÇÃO | |
| Instituição que transcreveu o registro | Magnum |
| 100 ## - ENTRADA PRINCIPAL--NOME PESSOAL | |
| Nome pessoal | Justo, Jo´se Sterza |
| 240 10 - TÍTULO UNIFORME | |
| Título uniforme | Indisciplina / disciplina |
| Idioma da obra | por |
| 245 10 - TÍTULO | |
| Título | Indisciplina / disciplina |
| 300 ## - DESCRIÇÃO FÍSICA | |
| Extensão | 95 |
| 362 0# - DATAS DE PUBLICAÇÃO E/OU DESIGNAÇÃO SEQUENCIAL | |
| Datas de publicação e/ou designação sequencial | 2005 |
| 697 ## - ENTRADA DE ASSUNTO LOCAL--ENTIDADE COLETIVA (RLIN) | |
| Nome corporativo ou nome da jurisdição | EDUCAÇÃO EM GERAL E DISCIPLINAS AFINS |
| 942 ## - ELEMENTOS DE ENTRADA ADICIONADOS (KOHA) | |
| Tipo de material Koha | Livros |
| Situação do descarte | Situação das perdas | Situação física | Não pode ser emprestado | Biblioteca de origem | Biblioteca atual | Data de aquisição | Total de empréstimos | Número de chamada completo | Código de barras | Data de último acesso | Data do preço efetivo | Tipo de material Koha |
|---|---|---|---|---|---|---|---|---|---|---|---|---|
| Magnum | Magnum | 08/06/2024 | 370.20 | MAG00056415 | 08/06/2024 | 08/06/2024 | Livros | |||||
| Magnum | Magnum | 08/06/2024 | 370.20 | MAG00056416 | 08/06/2024 | 08/06/2024 | Livros | |||||
| Magnum | Magnum | 08/06/2024 | 370.20 | MAG00056417 | 08/06/2024 | 08/06/2024 | Livros | |||||
| Magnum | Magnum | 08/06/2024 | 370.20 | MAG00056418 | 08/06/2024 | 08/06/2024 | Livros | |||||
| Magnum | Magnum | 08/06/2024 | 370.20 | MAG00056419 | 08/06/2024 | 08/06/2024 | Livros | |||||
| Magnum | Magnum | 08/06/2024 | 370.20 | MAG00056420 | 08/06/2024 | 08/06/2024 | Livros | |||||
| Magnum | Magnum | 08/06/2024 | 370.20 | MAG00056421 | 08/06/2024 | 08/06/2024 | Livros | |||||
| Magnum | Magnum | 08/06/2024 | 370.20 | MAG00056422 | 08/06/2024 | 08/06/2024 | Livros | |||||
| Magnum | Magnum | 08/06/2024 | 370.20 | MAG00056423 | 08/06/2024 | 08/06/2024 | Livros | |||||
| Magnum | Magnum | 08/06/2024 | 370.20 | MAG00056424 | 08/06/2024 | 08/06/2024 | Livros |